LEADER 01308nam--2200373---450- 001 990003626420203316 005 20120220144905.0 035 $a000362642 035 $aUSA01000362642 035 $a(ALEPH)000362642USA01 035 $a000362642 100 $a20120220d2008----km-y0itay50------ba 105 $a||||||||001yy 200 1 $aEconomia di Internet & delle information and communication technology$ei mercati high-tech tra innovazione, reti e standard$fStefano Comino, Fabio Maria Manenti 210 $aTorino$cGiappichelli$d2008 215 $aVIII, 340 p.$d24 cm 225 2 $aTesti studi e materiali 410 0$12001$aTesti studi e materiali 454 1$12001 461 1$1001-------$12001 606 0 $aIndustria informatica [e] Telecomunicazioni$2BNCF 676 $a338.47004 700 1$aCOMINO,$bStefano$0146578 701 1$aMANENTI,$bFabio Maria$0611625 801 0$aIT$bsalbc$gISBD 912 $a990003626420203316 951 $a338.470 COM 1$b20057 EC.$c338.470 COM$d00306948 959 $aBK 969 $aECO 979 $aFIORELLA$b90$c20120220$lUSA01$h1444 979 $aFIORELLA$b90$c20120220$lUSA01$h1448 979 $aFIORELLA$b90$c20120220$lUSA01$h1449 996 $aEconomia di Internet & delle information and communication technology$91138449 997 $aUNISA LEADER 01053nam a22002891i 4500 001 991000598579707536 005 20040112104841.0 008 040220s1948 it |||||||||||||||||ita 035 $ab12642149-39ule_inst 035 $aARCHE-064049$9ExL 040 $aDip.to Scienze pedagogiche$bita$cA.t.i. Arché s.c.r.l. Pandora Sicilia s.r.l. 082 04$a155.81 100 1 $aLevy-Bruhl, Lucien$031295 245 12$aL'anima primitiva /$cLucien Lévy - Bruhl 260 $aTorino :$bEinaudi,$c1948 300 $a384 p. ;$c22 cm 440 0$aCollezione di studi religiosi etnologici e psicologici 500 $aTraduzione di Anna De Martino 650 4$aIndividualità$xPopoli primitivi 700 1 $aDe Martino, Anna 765 0 $tame primitive 907 $a.b12642149$b02-04-14$c17-03-04 912 $a991000598579707536 945 $aLE022 MP 80 H 6$g1$i2022000156363$lle022$o-$pE0.00$q-$rl$s- $t0$u0$v0$w0$x0$y.i1314568x$z17-03-04 996 $aAnima primitiva$9274838 997 $aUNISALENTO 998 $ale022$b17-03-04$cm$da $e-$fita$git $h2$i1 LEADER 00923nam a2200277 i 4500 001 991001108299707536 005 20020507183419.0 008 961205s1966 us ||| | eng 035 $ab10802034-39ule_inst 035 $aLE01307154$9ExL 040 $aDip.to Matematica$beng 082 0 $a517 084 $aAMS 26-01 084 $aAMS 26-XX 100 1 $aFlett, T. M.$055641 245 10$aMathematical analysis /$cT. M. Flett, Sc.D 260 $aNew York :$bMcGraw-Hill,$cc1966 300 $aix, 439 p. :$bill. ;$c24 cm 500 $aBibliography: p. 431-432 650 0$aMathematical analysis 907 $a.b10802034$b18-04-13$c28-06-02 912 $a991001108299707536 945 $aLE013 26-XX FLE11 (1966)$g1$i2013000067049$lle013$o-$pE0.00$q-$rl$s- $t0$u0$v0$w0$x0$y.i1090623x$z28-06-02 996 $aMathematical Analysis$9346015 997 $aUNISALENTO 998 $ale013$b01-01-96$cm$da $e-$feng$gus $h0$i1